Formula 1 Vice Champions - Statistics

General Stats
  • This quiz has been taken 510 times
    96 since last reset
  • The average score is 62 of 76
Answer Stats
Year Vice Champion % Correct
2010 Fernando Alonso
97%
2012 Fernando Alonso
97%
2013 Fernando Alonso
97%
2024 Lando Norris
97%
2007 Lewis Hamilton
97%
2016 Lewis Hamilton
97%
2021 Lewis Hamilton
97%
2025 Max Verstappen
97%
1998 Michael Schumacher
97%
2006 Michael Schumacher
97%
2014 Nico Rosberg
97%
2015 Nico Rosberg
97%
2009 Sebastian Vettel
97%
2017 Sebastian Vettel
97%
2018 Sebastian Vettel
97%
2022 Charles Leclerc
95%
1950 Juan Manuel Fangio
95%
1953 Juan Manuel Fangio
95%
2023 Sergio Pérez
95%
2019 Valtteri Bottas
95%
2020 Valtteri Bottas
95%
1989 Ayrton Senna
94%
1993 Ayrton Senna
94%
2008 Felipe Massa
94%
2011 Jenson Button
94%
1983 Alain Prost
92%
1984 Alain Prost
92%
1988 Alain Prost
92%
1990 Alain Prost
92%
1976 Niki Lauda
92%
2000 Mika Häkkinen
91%
1994 Damon Hill
89%
1995 Damon Hill
89%
1963 Graham Hill
89%
1964 Graham Hill
89%
1965 Graham Hill
89%
2002 Rubens Barrichello
89%
2004 Rubens Barrichello
89%
2003 Kimi Räikkönen
88%
2005 Kimi Räikkönen
88%
1951 Alberto Ascari
86%
1980 Nelson Piquet
86%
1986 Nigel Mansell
84%
1987 Nigel Mansell
84%
1991 Nigel Mansell
84%
2001 David Coulthard
81%
1996 Jacques Villeneuve
81%
1973 Emerson Fittipaldi
80%
1975 Emerson Fittipaldi
80%
1979 Gilles Villeneuve
80%
1952 Giuseppe Farina
80%
1955 Stirling Moss
80%
1956 Stirling Moss
80%
1957 Stirling Moss
80%
1958 Stirling Moss
80%
1967 Jack Brabham
73%
1968 Jackie Stewart
73%
1972 Jackie Stewart
73%
1977 Jody Scheckter
73%
1962 Jim Clark
72%
1999 Eddie Irvine
70%
1997 Heinz-Harald Frentzen
66%
1966 John Surtees
64%
1969 Jacky Ickx
63%
1970 Jacky Ickx
63%
1992 Riccardo Patrese
61%
1960 Bruce McLaren
56%
1974 Clay Regazzoni
53%
1981 Carlos Reutemann
52%
1971 Ronnie Peterson
50%
1978 Ronnie Peterson
50%
1985 Michele Alboreto
44%
1982 Didier Pironi
42%
1961 Wolfgang von Trips
42%
1954 Jose-Froilan Gonzalez
36%
1959 Tony Brooks
30%
No matching quizzes found
Score Distribution
Percent of People with Each Score
Percentile by Number Answered
Your Score History
You have not taken this quiz since the last reset